[Event "Spring Chess Classic-A 2022"]
[Site "Saint Louis"]
[Date "2022.03.03"]
[Round "2.9"]
[White "Robson, Ray"]
[Black "Lenderman, Aleksandr"]
[Result "1-0"]
[WhiteElo "2676"]
[BlackElo "2600"]
[Annotator "TA"]
[PlyCount "73"]
[EventDate "2022.03.02"]
[EventType "tourn"]
[EventCountry "USA"]
[SourceTitle "playchess.com"]
[Source "ChessBase"]
[SourceQuality "1"]

{[%evp 11,73,0,8,-10,-2,0,0,0,0,0,0,8,15,4,14,21,18,25,10,0,7,7,11,0,0,0,0,0,0,0,0,-22,0,-18,3,0,209,217,225,225,224,239,217,218,220,163,231,212,252,237,235,242,240,220,351,355,302,235,29980,29981,29992,29993,29994,29995]} 1. c4 c5 2. Nf3 Nc6 3. Nc3 g6 4. e3 Nf6 5. d4 cxd4 6. exd4 d5 7. h3 {A35: Symmetrical English: 2 Nc3 Nc6 3 Nf3.} Bg7 8. c5 O-O 9. Bb5 {The position is equal.} Ne4 10. O-O Nxc3 11. bxc3 Qc7 {Inhibits Bf4.} 12. Re1 Bd7 {[#]} 13. Bg5 $146 ({Predecessor:} 13. Bd3 b6 14. Ba3 Bf6 15. cxb6 axb6 16. Bb2 Na5 17. Ne5 Rfc8 18. Qe2 Rab8 19. Rac1 {½-½ (26) Reuter,E (1860)-Peglau,D (1683) Erlangen 2020}) 13... Rfe8 14. Qd2 b6 15. Bh6 Bh8 16. cxb6 axb6 17. h4 {[%cal Bh3h4,Bh4h5][%mdl 32]} Na5 18. Bd3 {[%cal Oh4h5]} Nc4 19. Bxc4 dxc4 20. h5 Bf5 21. Bf4 Qb7 22. Re3 Ra5 23. Rae1 Qa8 $2 (23... e6 $11 {and Black has nothing to worry.}) 24. Rxe7 $18 Rxe7 25. Rxe7 Bf6 26. Qe3 Bxe7 27. Qxe7 f6 (27... Rxa2 28. Qf6 Re2 29. Bh6 $18) 28. Bh6 {[%csl Gh6][%cal Re7g7] [#] To avoid Qf8} ({Don't take} 28. Qxf6 Qf8 29. Qxb6 Rxa2) 28... Ra7 29. Qxf6 b5 30. Ne5 {Threatening mate with Nc6.} Qe8 31. d5 {[%cal Bd4d5,Bd5d6][%mdl 32]} Qe7 32. Qb6 {White wants to mate with Qb8+. The board is on fire.} Ra8 {[#] To avoid Qb8+} (32... Rb7 {is a better defense.} 33. Qd4 (33. d6 $2 Rxb6 34. dxe7 Re6 $17) 33... Qd6) 33. Nc6 $1 Qd7 34. Qxb5 $40 {[%mdl 128] White has strong attack.} Bd3 $2 (34... Re8 $18) 35. d6 {White mates.} Qe6 36. Qb7 {[%csl Gh6][%cal Rb7g7]} Qe1+ 37. Kh2 {Weighted Error Value: White=0.07 (flawless) /Black=0.44} 1-0

[Event "Spring Chess Classic-A 2022"]
[Site "Saint Louis"]
[Date "2022.03.03"]
[Round "2.10"]
[White "Nyzhnyk, Illya"]
[Black "Niemann, Hans Moke"]
[Result "1/2-1/2"]
[WhiteElo "2674"]
[BlackElo "2642"]
[Annotator "TA"]
[PlyCount "115"]
[EventDate "2022.03.02"]
[EventType "tourn"]
[EventCountry "USA"]
[SourceTitle "playchess.com"]
[Source "ChessBase"]
[SourceQuality "1"]

{[%evp 9,115,0,0,4,2,5,14,0,0,-4,13,9,8,3,8,0,0,0,0,0,0,0,5,0,0,0,0,0,33,31,26,30,35,34,25,27,55,7,10,0,0,-11,0,0,0,0,21,17,16,16,20,16,16,-46,76,71,265,264,283,275,279,272,328,325,472,465,783,772,908,890,930,895,726,493,485,497,497,495,489,491,490,490,475,468,432,433,539,542,589,535,687,0,0,0,0,0,0,0,0,0,0,0,0,0,0,0,0,0]} 1. c4 e5 2. Nc3 Nf6 3. Nf3 Nc6 4. e4 Bb4 5. d3 d6 6. a3 {A28: English Opening: Four Knights Variation.} Bc5 7. b4 Bb6 8. Na4 Bd4 $1 {8...Bd4 scores better than 8...Bg4.} 9. Rb1 Bg4 10. Be2 Bxf3 11. Bxf3 a6 12. Qd2 {[#]} b5 $146 ({Predecessor:} 12... Ba7 13. O-O Nd4 14. Bd1 O-O 15. Nc3 h6 16. Kh1 c6 17. f4 Qe7 18. Qe1 exf4 19. Bxf4 {1-0 (48) Abdusattorov,N (2633)-Wojtaszek,R (2686) Warsaw 2021}) 13. Nc3 bxc4 14. dxc4 Bxc3 15. Qxc3 Nd4 16. Qd3 O-O 17. Bd1 h6 18. O-O Qd7 19. f4 Qc6 20. Re1 Rfe8 21. Bb2 Ne6 22. f5 Ng5 23. Bc2 (23. Rc1 $14) 23... a5 $1 $11 24. Bc1 axb4 25. axb4 {[%cal Oc4c5]} Reb8 {[%cal Ob8b4] [#] White must now prevent ...Rxb4!} 26. h4 Ngh7 {[%cal Ob8b4]} 27. b5 Qc5+ 28. Be3 Qa3 29. c5 $36 {[%mdl 2048] White is pushing.} dxc5 30. Bb3 {[%cal Ob3f7] And now Bxf7+! would win.} (30. Qxa3 Rxa3 31. Bb3 (31. Bxc5 $2 Rc3 $19) 31... Nxe4 $15) 30... Kh8 31. Qe2 {Prevents Ng4.} ({White should try} 31. Rec1 $11) 31... Nxe4 (31... c6 $1 $15 {keeps the upper hand.} 32. Bxf7 cxb5) 32. Bc1 $16 {[%cal Be3c1,Bc1d2,Bd2c3][%mdl 32]} Nc3 $2 {[#]} (32... Qb4 $16 33. Qxe4 Qxe4 34. Rxe4 Rxb5) 33. Qe3 $1 $18 (33. Qxe5 Qb4 34. Bb2 Qd4+ 35. Qxd4 cxd4 36. Bxc3 dxc3 $14) 33... Qb4 34. Bd2 Qxh4 35. Bxc3 f6 36. Bd5 {A strong pair of Bishops.} (36. Qxc5 Ng5 37. Bd5 Qg3 $18) 36... Ra4 (36... Ng5 $142 37. Bxa8 Rxa8) 37. Qxc5 Ng5 (37... Rd8 $142 38. b6 (38. Qxc7 Rxd5 39. Qc8+ Nf8 $16) 38... cxb6 39. Qxb6 (39. Rxb6 Ng5 $16) 39... Re8) 38. Qxc7 Rf8 39. Re3 Qh5 40. Be1 {aiming for b6.} Rd4 41. b6 {[%cal Ob6b7] Strongly threatening b7!} Rxd5 42. b7 Rdd8 43. b8=Q Rxb8 44. Rxb8 Rxb8 45. Qxb8+ Kh7 46. Qd8 Qg4 47. Qd7 e4 48. Bg3 h5 {[%cal Og5f3]} 49. Kf1 Kh6 50. Bd6 $2 (50. Rc3 $18) 50... Qd1+ $11 {The position is equal.} 51. Re1 Qd3+ 52. Kg1 {[%cal Od7e8] Threatens to win with Qe8!} Qd4+ $1 53. Kh1 {[%cal Od7e8] Hoping for Qe8!} e3 {( -> ...Qh4+)} 54. Rc1 {[%cal Od7e8] White threatens Qe8! and mate.} e2 55. Qe8 {[%csl Gf5][%cal Re8g6]} Qd1+ $1 56. Kh2 {[%csl Gf5][%cal Re8g6]} Qxd6+ 57. Kh1 {[%csl Gf5][%cal Re8g6] Chess con chili.} Qd1+ $1 58. Kh2 {White really could win this.  Weighted Error Value: White=0.13 (very precise) /Black=0.29 (precise)} 1/2-1/2

[Event "Spring Chess Classic-A 2022"]
[Site "Saint Louis"]
[Date "2022.03.04"]
[Round "3.6"]
[White "Niemann, Hans Moke"]
[Black "Sevian, Samuel"]
[Result "1/2-1/2"]
[WhiteElo "2642"]
[BlackElo "2684"]
[Annotator "TA"]
[PlyCount "96"]
[EventDate "2022.03.02"]
[EventType "tourn"]
[EventCountry "USA"]
[SourceTitle "playchess.com"]
[Source "ChessBase"]
[SourceQuality "1"]

{[%evp 28,96,12,20,14,28,21,32,14,33,13,25,20,23,20,19,20,18,30,27,22,0,0,0,0,0,0,0,14,14,14,21,30,10,11,8,8,2,8,8,9,25,27,8,8,8,8,0,0,0,0,0,0,0,0,2,0,0,0,0,0,0,2,2,2,2,2,2,2,2,2]} 1. e4 e5 2. Nf3 Nc6 3. Bb5 {[%cal Bf1b5,Bb5a4,Ba4b3,Bb3c4][%mdl 32]} a6 4. Ba4 Nf6 5. O-O Nxe4 6. d4 b5 7. Bb3 d5 8. dxe5 Be6 9. Qe2 Be7 10. Rd1 O-O 11. c4 bxc4 12. Bxc4 Bc5 13. Be3 Bxe3 14. Qxe3 Qb8 15. Bb3 Na5 {C81: Open Ruy Lopez: Keres Variation (9 Qe2).} 16. Nd4 c5 {Nowadays more popular than 16...Qb6.} 17. Nxe6 fxe6 {White is slightly better.} 18. f3 {[%cal Bf2f3,Bf3e4,Be4d5,Bd5e6][%mdl 32]} c4 19. fxe4 {[#] And now Ba4 would win.} cxb3 20. exd5 {White wants to play axb3.} bxa2 21. Rxa2 Nc4 {[%csl LRb2,LRe3,LRe5]} 22. Qd4 Qb3 23. Nc3 Rac8 {[%cal Oc4e3] [#] Hoping for ...Ne3!} 24. dxe6 Nxb2 {[#]} 25. Rb1 $146 ({Predecessor:} 25. e7 Rfe8 26. Rf1 Qxc3 27. Qxc3 Rxc3 28. Rxb2 Rc7 29. Rb6 Rcxe7 30. Rxa6 Rxe5 31. Ra2 R5e7 32. Raf2 Re6 {½-½ (32) Sjugirov,S (2663)-Bologan,V (2574) Chess.com INT 2021}) 25... Qxc3 26. Qxc3 Rxc3 27. Raxb2 $11 {[%mdl 4096] Endgame Threatens to win with e7. KRR-KRR} Re8 28. Rb6 Rc5 29. Re1 a5 30. Ra6 h6 31. Re3 Rec8 32. Rd6 a4 33. Ra6 R5c6 34. Rxa4 Rxe6 35. Kf2 Rc5 {The position is equal.} 36. Rae4 g5 37. g4 Kg7 38. h3 Rd5 39. Kg3 Kg6 40. h4 gxh4+ 41. Kxh4 Rb5 42. Re2 Rd5 43. R4e3 Rb5 44. Kg3 Kg5 45. Rh2 Rexe5 46. Rh5+ Kf6 47. Rxh6+ Kg7 48. Rxe5 Rxe5 {A balanced but interesting game.  Weighted Error Value: White=0.02 (flawless) /Black=0.01 (flawless)} 1/2-1/2

[Event "Spring Chess Classic-A 2022"]
[Site "Saint Louis"]
[Date "2022.03.04"]
[Round "3.7"]
[White "Lenderman, Aleksandr"]
[Black "Nyzhnyk, Illya"]
[Result "1/2-1/2"]
[WhiteElo "2600"]
[BlackElo "2674"]
[Annotator "TA"]
[PlyCount "84"]
[EventDate "2022.03.02"]
[EventType "tourn"]
[EventCountry "USA"]
[SourceTitle "playchess.com"]
[Source "ChessBase"]
[SourceQuality "1"]

{[%evp 12,84,14,12,14,28,16,17,28,0,0,6,0,9,4,-1,25,0,19,0,0,-2,0,-10,-5,-5,-6,-10,-10,-22,-12,-39,-37,-64,-65,-75,-68,-76,-26,-27,-17,-35,-35,-35,-35,-56,-62,-56,-62,-70,-68,-54,-47,-55,-33,-36,-12,-22,0,0,0,0,-2,-2,0,-3,0,-29,0,-11,0,0,0,0,0]} 1. d4 d5 2. c4 dxc4 3. e3 Nf6 4. Bxc4 e6 5. Nf3 a6 6. O-O c5 7. Nbd2 {7.b3 is setting a new trend.} cxd4 {D27: Queen's Gambit Accepted: Classical main line: 7 e4!? and 7 a4.} 8. Nxd4 Bd6 9. Be2 O-O {[#]} 10. N4f3 $146 ({Predecessor:} 10. Qc2 Qc7 11. Qxc7 Bxc7 12. b3 e5 13. N4f3 Rd8 14. Bb2 Nc6 15. Rac1 {½-½ (34) Nett,P (2219)-Petrigin,M (2263) ICCF email 2016}) 10... Nc6 11. b3 Qe7 12. Bb2 Rd8 13. Qb1 h6 14. Rd1 Bc7 15. Nc4 b5 16. Nce5 Nxe5 17. Bxe5 Bb7 18. Qb2 Bxe5 19. Nxe5 b4 20. Rxd8+ Rxd8 21. Rd1 {[%cal Ba1d1,Bd1d3,Bd3d2][%mdl 32]} Ne4 22. Rd3 Nc3 23. Bf1 {[%cal Oa2a3]} Be4 24. Rd2 Qg5 (24... Qc7 $17 {And now ...Rxd2 would win.} 25. Nc4 a5) 25. Nc4 $11 Bd5 26. Nb6 a5 27. Nxd5 Rxd5 28. Bc4 Rxd2 29. Qxd2 Qf6 30. f3 {Inhibits Ne4.} g6 31. h3 h5 32. Kh1 h4 33. Kg1 Kg7 34. Kh1 Nb1 35. Qc1 Na3 {[#] ...Qc3 is the strong threat.} 36. Bd3 $1 Qc3 37. Qd1 Qb2 38. Be4 Nb5 39. Bc6 Na3 {[#] White must now prevent ...Nc2.} 40. Be4 {Inhibits Nc2. The position is equal.} Qe5 41. Qd8 Qc5 42. Qxh4 Qxe3 {Weighted Error Value: White=0.07 (flawless) /Black=0.07 (flawless)} 1/2-1/2

[Event "Spring Chess Classic-A 2022"]
[Site "Saint Louis"]
[Date "2022.03.04"]
[Round "3.8"]
[White "Dragun, Kamil"]
[Black "Robson, Ray"]
[Result "0-1"]
[WhiteElo "2590"]
[BlackElo "2676"]
[Annotator "TA"]
[PlyCount "80"]
[EventDate "2022.03.02"]
[EventType "tourn"]
[EventCountry "USA"]
[SourceTitle "playchess.com"]
[Source "ChessBase"]
[SourceQuality "1"]

{[%evp 10,80,11,18,20,16,16,18,13,8,11,14,25,22,37,30,16,18,26,0,0,0,0,0,0,-11,0,-25,-12,-47,-48,-52,-14,-35,-5,-24,5,7,4,0,0,0,0,0,0,0,0,0,0,-63,-60,-129,-127,-145,-129,-513,-497,-500,-535,-529,-373,-537,-529,-698,-689,-12841,-12842,-12838,-12836,-12835,-12835,-29994,-29995]} 1. e4 e5 2. Nf3 Nc6 3. Bc4 Nf6 4. d3 Bc5 5. c3 d6 6. O-O a5 {C54: Giuoco Piano: 4 c3 Nf6, main lines with 5 d4 and 5 d3.} 7. Re1 O-O 8. h3 h6 {The position is equal.} 9. Nbd2 Be6 10. Bb5 Nd7 $5 {[%mdl 4] A promising side line.} 11. Nf1 {[#] next d4 is good for White.} d5 $1 $146 {[%mdl 8] A relevant novelty.} (11... f5 {is more complex.} 12. exf5 Bxf5 13. d4 Bb6 14. Ba4 Kh8) ({Predecessor:} 11... f5 12. exf5 Bxf5 13. Ng3 Bg6 14. d4 exd4 15. cxd4 Bb6 16. a3 Nf6 17. Bc4+ Kh8 {0-1 (63) Navara,D (2758)-Deac,B (2605) Riga 2021}) 12. exd5 Bxd5 13. Ne3 Bxe3 14. Bxe3 f5 15. d4 e4 16. Nh2 Ne7 17. Bf1 Bf7 18. c4 c6 19. Bd2 Nf6 20. Bc3 a4 21. b3 b5 22. Qd2 axb3 23. axb3 bxc4 24. bxc4 Qd6 25. Reb1 Rfd8 26. Rxa8 Rxa8 27. Rb7 {[#] Threatens to win with Bb4.} Ng6 28. Qb2 {[%cal Ob7f7]} Re8 29. Qb6 ({White should play} 29. Ra7 $11) 29... e3 $15 {Strongly threatening ...exf2+. Black is more active.} 30. fxe3 (30. Qb2 $1 $15) 30... Qg3 $17 31. Nf3 {[%cal Od4d5] [#] aiming for d5!} Rxe3 32. Qd8+ $2 {[%mdl 8192] Loses the game.} (32. Be1 $17 Rxe1 33. Nxe1 Qxe1 34. Qc7) 32... Be8 $19 33. Be1 Rxe1 34. Nxe1 {[%cal Od8c7] Black must now prevent Qc7!} Qxe1 35. Qc7 (35. Qb8 {was worth a try.}) 35... Nh5 36. Rb8 Kh7 37. Kh2 Qxf1 38. Rxe8 Ngf4 {[%csl Gf4][%cal Rf1g2]} 39. Qxc6 Nf6 40. Ra8 Ne2 {Weighted Error Value: White=0.77/Black=0.08 (flawless)} 0-1

[Event "Spring Chess Classic-A 2022"]
[Site "Saint Louis"]
[Date "2022.03.04"]
[Round "3.9"]
[White "Xiong, Jeffery"]
[Black "Hakobyan, Aram"]
[Result "0-1"]
[WhiteElo "2686"]
[BlackElo "2601"]
[Annotator "TA"]
[PlyCount "104"]
[EventDate "2022.03.02"]
[EventType "tourn"]
[EventCountry "USA"]
[SourceTitle "playchess.com"]
[Source "ChessBase"]
[SourceQuality "1"]

{[%evp 13,104,2,6,13,15,14,10,9,13,-5,-25,-10,1,-10,14,5,18,16,21,23,47,45,58,55,61,60,51,44,43,41,47,52,54,0,0,0,-3,-2,-1,-103,-52,-57,-35,-34,-34,-41,-31,-62,-75,-105,-110,-102,-104,-100,-100,-218,-207,-218,-197,-521,-521,-515,-164,-172,-173,-165,-163,-166,-170,-171,-164,-161,-139,-145,-118,-138,-143,-160,-165,-167,-173,-171,-171,-188,-188,-185,-162,-270,-262,-278,-260,-308,-306]} 1. Nf3 d5 2. g3 g6 3. Bg2 Bg7 4. d4 Nf6 5. c4 c6 6. O-O O-O 7. Qb3 a5 8. Rd1 {D78: Fianchetto Grünfeld: 6 0-0 c6.} a4 9. Qb4 dxc4 10. Qxc4 {The position is equal.} Bf5 11. Bf4 {[#]} Nbd7 $146 ({Predecessor:} 11... Qa5 12. Ne5 Nfd7 13. Nf3 Na6 14. Qc1 b5 15. Bh6 Rac8 16. Bxg7 Kxg7 17. a3 c5 {1-0 (46) Dreev,A (2662)-Paravyan,D (2610) Sochi 2019}) 12. Qc1 Re8 13. Nc3 a3 14. bxa3 Qa5 15. Nh4 Be6 16. Rb1 Ra7 17. Bd2 {[%cal Oc3b5]} (17. e4 $5 {[%cal Rf4d2]}) 17... Qa6 {Inhibits Nb5.} 18. e4 Bc4 19. Rb4 {And now Ra4 would win.} b5 {To avoid Ra4} 20. a4 {aiming for e5.} e5 $1 21. axb5 cxb5 22. a4 $1 {[%cal Ra4b5]} Bf8 $1 {[#]} 23. Nxb5 (23. axb5 $1 $14 Qc8 24. b6 $1) 23... Bxb4 $11 24. Nxa7 Bxd2 25. Rxd2 {[%cal Oa7b5]} Qxa4 {Strongly threatening ...exd4.} 26. d5 {[#]} Bxd5 $1 {[%mdl 512]} 27. Nc8 $15 {[#]} Qa6 $1 28. Ne7+ Rxe7 29. exd5 e4 30. d6 Re6 {[%cal Be7e6,Be6e3,Be3a3,Ba3a1][%mdl 32]} 31. Qd1 {Black converts the advantage convincingly.} e3 32. fxe3 Rxe3 33. Kh1 Ra3 $40 {[%mdl 128] ...Ra1 is the strong threat. Black wants a kill.} 34. Qe1 {[#]} (34. Bf1 $17 Qc6+ 35. Bg2) 34... Ng4 $1 $19 {Hoping for ...Ra1.} 35. Bf3 ({Wrong is} 35. Qe8+ $2 Kg7 36. Qe2 Ra1+ 37. Bf1 Rxf1+ $19) 35... Ne3 {[%cal Bg4e3,Be3f1,Bf1g3,Bg3e4,Be4f6,Bf6d7][%mdl 32]} 36. h3 $2 (36. Qg1) 36... Ra1 37. Bd1 Qf1+ $2 ({Weaker is} 37... Nxd1 38. Rxd1 Qc6+ 39. Ng2 $17) (37... Qc6+ 38. Kg1 Qc5) 38. Qxf1 Nxf1 {Pair of Knights!} 39. Rd3 {[#]} Nxg3+ $1 {[%mdl 512]} 40. Kg2 Ne4 41. Bg4 Ra2+ 42. Kg1 Nef6 43. Nf3 Kg7 44. Bxd7 Nxd7 $17 {[%mdl 4096] Endgame KRN-KRN} 45. Nd4 Ra5 46. Nc6 Rc5 47. Nb4 Kf6 48. Nd5+ Ke5 49. Nc7 Rc4 50. Ne8 (50. Kg2 $142) 50... Rd4 $19 {Black has a decisive advantage.} 51. Re3+ Kf4 52. Re2 Re4 {Weighted Error Value: White=0.24 (precise) /Black=0.13 (very precise)} 0-1

[Event "Spring Chess Classic-A 2022"]
[Site "Saint Louis"]
[Date "2022.03.04"]
[Round "3.10"]
[White "Antipov, Mikhail Al."]
[Black "Swiercz, Dariusz"]
[Result "0-1"]
[WhiteElo "2615"]
[BlackElo "2656"]
[Annotator "TA"]
[PlyCount "134"]
[EventDate "2022.03.02"]
[EventType "tourn"]
[EventCountry "USA"]
[SourceTitle "playchess.com"]
[Source "ChessBase"]
[SourceQuality "1"]

{[%evp 13,134,14,20,9,14,16,30,26,24,31,25,18,18,5,23,21,18,19,27,8,16,21,32,22,20,17,29,5,12,1,8,0,35,10,11,12,0,0,14,17,28,0,0,0,0,0,0,0,0,0,20,0,0,0,20,0,0,0,0,-5,-8,-8,-15,-15,0,-98,-20,-23,-29,-20,-20,-40,0,0,0,-98,-95,-85,0,0,0,0,0,0,0,-8,-8,-378,-377,-370,-163,-125,0,0,0,-133,-163,-184,-180,-948,-1054,-8128,-6449,-1839,-1605,-29960,-547,-29959,-29963,-29966,-29969,-29970,-29971,-29971,-29972,-29972,-29973,-29973,-29974,-29974,-29975,-29971,-29969]} 1. e4 e5 2. Nf3 Nc6 3. Bc4 Bc5 4. d3 Nf6 5. O-O d6 6. c3 a6 7. a4 h6 8. Nbd2 {[%cal Bb1d2,Bd2f1,Bf1h2,Bh2g4][%mdl 32] C54: Giuoco Piano: 4 c3 Nf6, main lines with 5 d4 and 5 d3.} Ba7 9. Re1 Be6 $5 {[%mdl 4] Exploring less charted territory.} 10. Bxe6 {White has an edge.} fxe6 11. b4 O-O 12. h3 Nh5 13. Nf1 Qf6 14. Ra2 Ne7 15. N1h2 {[#]} Ng6 $146 ({Predecessor:} 15... Nf4 16. Kh1 Qg6 17. Ng4 Rac8 18. g3 Nh5 19. Nh4 Qe8 20. Kg2 Nf6 21. Be3 Bxe3 22. Rxe3 Nxg4 23. Qxg4 {½-½ (37) Costa Trillo,V (2342)-Poell,J (2375) ICCF email 2017}) 16. Ng4 Qe7 17. d4 Nf6 18. Nxf6+ Qxf6 19. Be3 Rf7 20. Rd2 exd4 21. cxd4 Raf8 22. Nh2 Ne7 23. b5 axb5 24. axb5 Bb6 25. Ra2 {Inhibits Ba5.} Qg6 26. Qg4 d5 27. Qxg6 Nxg6 {[%cal Be7g6,Bg6h4,Bh4f5][%mdl 32]} 28. e5 Nh4 29. Rb1 Nf5 30. Nf3 g5 31. Rb4 Kg7 32. Nh2 Kg6 33. Rba4 Kg7 34. g3 Kg6 35. Ng4 Nxe3 36. Nxe3 h5 37. Kg2 Rf3 38. Rd2 h4 39. Ng4 (39. Re2 $11 {keeps the balance.}) 39... hxg3 (39... Rb3 $1 $17 {Hoping for ...hxg3.} 40. Nf6 Rxb5) 40. fxg3 $11 Rb3 {...Rff3 is the strong threat.} 41. Nf6 Rxb5 42. h4 Ra5 43. h5+ Kh6 44. Rb4 (44. Rxa5 $1 $11 Bxa5 45. Ra2) 44... Rfa8 $1 $36 {[%mdl 2048] White is under strong pressure.} 45. Kh3 Ra4 ({Black should play} 45... Ra3 $1 $17 {Threatens to win with ...Ba5.} 46. Rf2 Rd3 47. Ng4+ Kxh5) 46. Rxa4 $11 Rxa4 {[%mdl 4096] Endgame KRB-KRN} 47. Rf2 {Strongly threatening Ng4+.} Ra8 (47... Bxd4 48. Ng4+ Kg7 49. h6+ Kg8 50. Rf6 $16) (47... Rxd4 $5 48. Ra2 Rd1 $11) 48. Nd7 Kxh5 (48... Bxd4 $5 49. Rf6+ Kg7 $11) 49. g4+ Kh6 50. Nf8 $2 {[%mdl 8192] [#]} (50. Nxb6 $11 {and White has nothing to worry.} Ra3+ 51. Kh2 cxb6 52. Rf6+ Kg7 53. Rxe6) 50... Rxf8 $1 $19 51. Rxf8 Bxd4 {KR-KB} 52. Re8 Kg7 (52... Kg6 $1 $17 {[%cal Rg6f7] And now ...Kf7 would win.} 53. Rxe6+ Kf7 54. Rf6+ Ke7) 53. Re7+ $11 Kg6 54. Rxe6+ (54. Rxc7 $11 Bxe5 55. Rxb7) 54... Kf7 $17 55. Rf6+ Ke7 56. Rf5 $2 (56. Rg6) 56... Be3 $1 $19 57. Kg3 Ke6 58. Kf3 Bf4 {( -> ...c5)} 59. Ke2 b5 (59... c5 $142 60. Kd3 b5 61. Rf6+ Kxe5 62. Rb6 b4 63. Kc2 Ke4 64. Rb5 Kd4 65. Kb3 Bd6 66. Kc2 c4 67. Kc1 b3 68. Kd1 Ke4 69. Rb6 Be5 70. Ke2 b2 71. Kd2 c3+ 72. Kc2 d4 73. Rb4 Ke3 74. Rb5 d3+ 75. Kb3 b1=Q+ 76. Ka4 Qa2+ 77. Kb4 Bd6+ 78. Rc5 d2 79. Kb5 Bxc5 80. Kc6 d1=Q $1 81. Kxc5 Qdd5+ 82. Kb6 Qaa5#) 60. Kd3 c5 {[%cal Bc7c5,Bc5c4,Bc4c3][%mdl 32] Black mates.} 61. Kc2 c4 62. Rf6+ Kxe5 63. Rb6 Ke4 64. Rxb5 d4 65. Rc5 c3 66. Rc8 {[#]} Kf3 $1 67. Kd3 Be3 {Weighted Error Value: White=0.73/Black=0.28 (precise)} 0-1

[Event "Spring Chess Classic-A 2022"]
[Site "Saint Louis"]
[Date "2022.03.04"]
[Round "4.6"]
[White "Sevian, Samuel"]
[Black "Swiercz, Dariusz"]
[Result "1/2-1/2"]
[WhiteElo "2684"]
[BlackElo "2656"]
[Annotator "TA"]
[PlyCount "182"]
[EventDate "2022.03.02"]
[EventType "tourn"]
[EventCountry "USA"]
[SourceTitle "playchess.com"]
[Source "ChessBase"]
[SourceQuality "1"]

{[%evp 9,182,23,26,23,26,24,24,22,22,22,26,21,20,31,20,11,8,4,11,7,4,0,0,13,0,8,4,0,0,0,0,0,0,0,0,0,0,0,0,0,0,8,18,0,0,0,10,3,35,15,17,0,44,35,100,93,92,92,92,93,93,83,99,89,104,88,96,89,96,96,95,18,44,32,48,36,148,142,250,236,256,248,247,218,304,203,180,188,194,178,203,203,188,197,231,193,176,165,111,73,114,122,122,122,121,121,180,110,169,166,160,18,17,13,12,18,24,8,8,8,8,8,8,8,8,8,8,8,8,8,8,8,8,8,8,8,8,8,8,8,8,8,8,8,8,0,0,0,0,0,8,0,0,0,8,0,0,0,0,0,0,0,0,0,0,0,0,0,0,0,0,0,0,0,0]} 1. c4 e6 2. Nc3 d5 3. d4 Bb4 4. cxd5 exd5 5. Bf4 c6 6. e3 {D31: Queen's Gambit Declined: Semi-Slav without ...Nf6 (+ Marshall Gambit and Noteboom) and Exchange Variation lines without ...Nf6.} Ne7 7. Qb3 Bd6 8. Bxd6 {White has an edge.} Qxd6 9. Bd3 b6 10. Rc1 Ba6 11. Bxa6 Nxa6 {[%cal Bb8a6,Ba6c7,Bc7e6,Be6d4][%mdl 32]} 12. Nf3 {[%cal Oc3b5]} O-O 13. O-O Nc7 14. Rfe1 Ne6 {[#]} 15. Qc2 $146 ({Predecessor:} 15. Qa4 Rac8 16. b4 Rc7 17. Rc2 Rfc8 18. Rec1 h6 19. Ne5 Nf5 20. Nd3 Ng5 21. Qb3 {½-½ (41) Navara,D (2707)-Hou,Y (2595) Prague 2013}) 15... Rac8 16. Rcd1 Rfd8 17. a3 Qc7 18. e4 c5 19. exd5 Nxd4 20. Qe4 Nef5 21. Nb5 Nxb5 22. Qxf5 Nd6 23. Qc2 Re8 24. Ne5 Qe7 25. h3 h6 26. Kf1 Qc7 27. Nc6 Qd7 28. Qa4 a5 29. Qb3 Qc7 30. Kg1 c4 (30... Rxe1+ $11 31. Rxe1 Re8) 31. Qc3 Qd7 (31... a4 $1 $14) 32. Qd4 $36 {[%mdl 2048] White has strong initiative.} Qc7 33. a4 Kf8 34. Qc3 Kg8 35. Rc1 Qd7 36. Qd4 Qc7 37. Qf4 Qd7 38. Rcd1 Qc7 39. Kh1 {White is much more active.} Qd7 40. Re3 ({White should play} 40. Kh2 $16) 40... Rxe3 41. Qxe3 Re8 {Inhibits Ne7+.} 42. Qxb6 Re2 ({Better is} 42... Qf5 $1 $14) 43. Kg1 Kh7 (43... Ne4 $16) 44. Nd4 Re5 45. Nb5 $1 (45. Qxa5 Nb7 46. Qc3 Rxd5 $16) 45... Nf5 46. Qc7 (46. Qxa5 Rxd5 47. Rxd5 Qxd5 $16) 46... Qe8 47. Qxc4 ({Not} 47. Qxa5 Re2 $14) 47... Re1+ 48. Rxe1 Qxe1+ 49. Qf1 Qd2 50. Qb1 $1 ({Don't take} 50. g4 $6 Nh4 $16) 50... g6 51. Nc3 Kg7 52. Qa1 Nd6 53. Nb5 ({And not} 53. b4 Qd4 54. b5 (54. bxa5 Ne4 $11) 54... Ne4 $1 $11) 53... Ne4 54. Qf1 (54. b4+ {is interesting.} Kg8 55. Qd4 Qc1+ 56. Kh2 Qf4+ 57. g3) 54... Qxb2 (54... Qxd5 $142 55. Qe1 Kh7) 55. Qe1 $1 {[%csl LRa5,LRe4]} Qb4 56. Qxb4 axb4 {[%mdl 4096] Endgame KN-KN} 57. a5 Nc5 {[#]} (57... b3 $16) 58. Kf1 (58. Nd6 $1 $18) 58... b3 (58... Kf6 $16) 59. Ke2 $18 b2 {[#]} 60. Nc3 (60. Na3 $1 $16) 60... Kf6 $11 61. Kd1 {Strongly threatening Kc2.} Na4 $1 62. Nb1 Ke5 63. a6 {Hoping for Kc2.} Kxd5 {The position is equal.} 64. a7 Nb6 65. Kc2 Kc6 66. Kxb2 {aiming for Kc3.} Kb7 67. Kc3 Nd5+ 68. Kd4 Nf4 $1 69. Nc3 Nxg2 70. Ke5 Kxa7 71. Ne2 Kb6 72. Kf6 Kc5 73. Kxf7 Kd5 74. Kxg6 Ke4 75. Ng1 Nf4+ 76. Kxh6 {Black must now prevent Kg5.} Kf5 $1 77. f3 Kf6 $1 78. h4 Kf5 79. Kg7 Ne6+ 80. Kf7 {Ne2 is the strong threat.} Nf4 {Prevents Ne2.} 81. Kg7 Ne6+ 82. Kh7 {Threatens to win with Ne2.} Nf4 {Inhibits Ne2.} 83. Kh6 Kf6 84. h5 Kf5 85. Ne2 Nxe2 {KN-KPP} 86. Kg7 Nf4 87. h6 {White wants to mate with h7.} Ne6+ 88. Kg8 {Threatening mate with h7.} Ng5 89. h7 Nxh7 $1 90. Kxh7 Kf4 91. Kg7 Kxf3 {Black escapes into a draw.  Weighted Error Value: White=0.14 (very precise) /Black=0.15 (very precise)} 1/2-1/2